Napenergia sajátosságai, és felhasználásának helyzetelemzése

Bibliographic Details
Main Author: Sallai Vivien Imola
Other Authors: Fabula László
Format: Thesis
Kulcsszavak:Napenergia
Online Access:http://dolgozattar.uni-bge.hu/15083

MARC

LEADER 00000nta a2200000 i 4500
001 dolg15083
005 20180912115424.0
008 180427suuuu hu om 000 hun d
040 |a BGE Dolgozattár Repozitórium  |b hun 
041 |a hu 
100 1 |a Sallai Vivien Imola 
245 1 0 |a Napenergia sajátosságai, és felhasználásának helyzetelemzése  |c Sallai Vivien Imola  |h [elektronikus dokumentum] 
246 1 1 |a Napenergia sajátosságai, és felhasználásának helyzetelemzése 
695 |a Napenergia 
700 1 |a Fabula László  |e ths 
856 4 0 |u http://dolgozattar.uni-bge.hu/15083/1/sallai_vivien_imola_QQ4SQ8.pdf  |z Dokumentum-elérés